| 000 | 00723nam a22002417a 4500 | ||
|---|---|---|---|
| 003 | AR-BeUNQ | ||
| 005 | 20250714180233.0 | ||
| 008 | 250714b |||||||| |||| 00| 0 spa d | ||
| 020 | _a9789500437486 | ||
| 040 |
_aAR-BeUNQ _bspa _cAR-BeUNQ _eaacr |
||
| 082 |
_221 _a863 CON |
||
| 100 | 1 | 0 |
_aConti, Haroldo _caut. _d1925-1976 |
| 245 | 1 | 0 |
_aSudeste _cHaroldo Conti. _hLibro |
| 250 | _a1a.ed | ||
| 260 |
_aCiudad Autónoma de Buenos Aires : _bEmecé, _c2015. |
||
| 300 |
_a256 p. _c23cm |
||
| 490 | _aBiblioteca Haroldo Conti. | ||
| 500 | _aNovela. | ||
| 650 |
_2Narratica _atell |
||
| 651 |
_2unescot _aArgentina |
||
| 929 |
_aDONACION _bMinisterio de Educación de la Nación _c0 _d0 _e2017 _fPAT0083771 _j63463 |
||
| 942 | _cLIB | ||
| 999 |
_c1316 _d1316 |
||